| 000 | 00000nas 2200000zi 4500 |
| 001 | 9.872121 |
| 003 | CaOODSP |
| 005 | 20221107163552 |
| 006 | m go f000 0 |
| 007 | cr ||||||||||| |
| 008 | 150406d20042006oncar p o f0 a0fre|d |
| 040 | |aCaOODSP|bfre |
| 043 | |an-cn--- |
| 086 | 1 |aCC402-3/1F-PDF |
| 110 | 2 |aAdministration canadienne de la sûreté du transport aérien. |
| 245 | 10|aRapport annuel sur la Loi sur la protection des renseignements personnels. |
| 264 | 1|a[Ottawa : |bAdministration canadienne de la sûreté du transport aerien, |c2004-2006]. |
| 310 | |aAnnuel |
| 336 | |aTexte|btxt|2rdacontent/fre |
| 337 | |aInformatique|bc|2rdacontent/fre |
| 338 | |aressource en ligne|bcr|2rdacontent/fre |
| 362 | 1 |aParaît depuis 2003/2004 ; ne paraît plus après 2005/2006. |
| 500 | |aPublié aussi en anglais sous le titre : Annual report on the Privacy Act. |
| 580 | |aFusionné avec : Rapport annuel sur l’application de la Loi sur l’accès à l’information et devient : Rapports annuels sur l'application de la Loi sur l'accès à l'information et de la Loi sur la protection des renseignements personnels. |
| 692 | 07|2gccst|aVie privée |
| 775 | 08|tAnnual report on the Privacy Act.|w(CaOODSP)9.872120 |
| 785 | 00|tRapports annuels sur l'application de la Loi sur l'accès à l'information et de la Loi sur la protection des renseignements personnels |w(CaOODSP)9.804331 |